Statistics for Queen Elizabeth I portrayed in film and tv

Click here to take the quiz!

General Stats

  • This quiz has been taken 27 times
  • The average score is 6 of 13

Answer Stats

HintAnswer% Correct
1998 & 2007, film & sequelCate Blanchett (Elizabeth & Elizabeth: The Golden Age)
92%
1998 film, Joseph FiennesJudi Dench (Shakespeare In Love)
88%
1986, TV Comedy SeriesMiranda Richardson (Blackadder II)
62%
1971 TV Series, Robert HardyGlenda Jackson (Elizabeth R)
54%
2007 TV Series, Jeremy IronsHelen Mirren (Elizabeth I)
50%
2011, film (younger version)Joely Richardson (Anonymous)
50%
1939 film, Errol FlynnBette Davis (The Private Lives of Elizabeth and Essex)
42%
1955 film, Richard RoddBette Davis (The Virgin Queen)
42%
2011, film (older version)Vanessa Redgrave (Anonymous)
27%
2005 TV Drama, Tom HardyAnne-Marie Duff (Elizabeth I: The Virgin Queen)
19%
1992 film, Tilda SwintonQuentin Crisp (Orlando)
15%
1953 film, Stewart GrangerJean Simmons (Young Bess)
12%
1912, silent filmSarah Bernhardt (The Loves of Queen Elizabeth)
8%

Score Distribution

Percentile by Number Answered

Percent of People with Each Score

Your Score History

You have not taken this quiz